LIBRARY & INFORMATION CENTRE, KCAET, TAVANUR

ONLINE PUBLIC ACCESS CATALOGUE (OPAC)

Microprocessors and interfacing programming and hardware / (Record no. 10915)

MARC details
000 -LEADER
fixed length control field 00535cam a2200193ua 4500
020 ## - INTERNATIONAL STANDARD BOOK NUMBER
ISBN 0 07 460150 4
041 ## - LANGUAGE CODE
Language code of text/sound track or separate title eng
082 ## - DEWEY DECIMAL CLASSIFICATION NUMBER
Classification number 005.26
Item number HAL/MI
100 ## - MAIN ENTRY--AUTHOR NAME
Personal name Hall, Douglas V.
245 ## - TITLE STATEMENT
Title Microprocessors and interfacing programming and hardware /
250 ## - EDITION STATEMENT
Edition statement 1 /
260 ## - PUBLICATION, DISTRIBUTION, ETC. (IMPRINT)
Place of publication New Delhi :
Name of publisher Tata Mc-Graw Hill Publishing Company ,
Year of publication 1986.
300 ## - PHYSICAL DESCRIPTION
Number of Pages 554 ; .
500 ## - GENERAL NOTE
General note *CSS
942 ## - ADDED ENTRY ELEMENTS (KOHA)
Koha item type Books
Holdings
Withdrawn status Lost status Damaged status Home library Current library Shelving location Date acquired Full call number Accession Number Koha item type
      KAUAET KAUAET Scheme 23/07/2018 005.26 HAL/MI 18951 Book Bank scheme for SC students
free website counter